Statistiques concernant Pays modernes les plus peuplés par siècle

Cliquez ici pour prendre le quiz!

Statistiques générales

  • Ce quiz a été pris 23 802 fois
  • Le résultat moyen est 16 sur 19

Statistiques - réponses

Pays% Correct
Chine
99%
Etats-Unis
99%
France
99%
Inde
98%
Russie
97%
Allemagne
95%
Brésil
94%
Italie
92%
Espagne
91%
Royaume-Uni
91%
Japon
90%
Mexique
85%
Indonésie
79%
Turquie
75%
Egypte
73%
Pakistan
73%
Nigeria
68%
Iran
62%
Bangladesh
59%

Distribution des résultats

Percentile par nombre de réponses

% des personnes avec chaque résultat

Votre développement - résultats

Vous n’avez pas pris ce quiz